<?xml version="1.0" encoding="UTF-8"?>
<record
    xmlns:xsi="http://www.w3.org/2001/XMLSchema-instance"
    xsi:schemaLocation="http://www.loc.gov/MARC21/slim http://www.loc.gov/standards/marcxml/schema/MARC21slim.xsd"
    xmlns="http://www.loc.gov/MARC21/slim">

  <leader>01490nam a22002057a 4500</leader>
  <datafield tag="999" ind1=" " ind2=" ">
    <subfield code="c">2351</subfield>
    <subfield code="d">2351</subfield>
  </datafield>
  <controlfield tag="003">OSt</controlfield>
  <controlfield tag="005">20220818150702.0</controlfield>
  <controlfield tag="008">161006t        xxu||||| |||| 00| 0 eng d</controlfield>
  <datafield tag="020" ind1=" " ind2=" ">
    <subfield code="a">9780133832396</subfield>
    <subfield code="c">RM109.25</subfield>
  </datafield>
  <datafield tag="040" ind1=" " ind2=" ">
    <subfield code="c">MIU</subfield>
    <subfield code="d">MIU_ain</subfield>
  </datafield>
  <datafield tag="050" ind1=" " ind2=" ">
    <subfield code="a">HF5387 </subfield>
    <subfield code="b">.V44 2018</subfield>
  </datafield>
  <datafield tag="100" ind1=" " ind2=" ">
    <subfield code="9">591</subfield>
    <subfield code="a">Velasquez, Manuel G.</subfield>
  </datafield>
  <datafield tag="245" ind1=" " ind2=" ">
    <subfield code="a">Business ethics: </subfield>
    <subfield code="c">Manuel G. Velasquez.</subfield>
    <subfield code="b">concepts and cases /</subfield>
  </datafield>
  <datafield tag="250" ind1=" " ind2=" ">
    <subfield code="a">8th ed.</subfield>
  </datafield>
  <datafield tag="260" ind1=" " ind2=" ">
    <subfield code="a">Essex, </subfield>
    <subfield code="b">Pearson:</subfield>
    <subfield code="c">2018.</subfield>
  </datafield>
  <datafield tag="300" ind1=" " ind2=" ">
    <subfield code="a">448 p. :</subfield>
    <subfield code="b">ill. ;</subfield>
    <subfield code="c">28 cm. </subfield>
  </datafield>
  <datafield tag="504" ind1=" " ind2=" ">
    <subfield code="a">Includes bibliographical reference and index.</subfield>
  </datafield>
  <datafield tag="520" ind1=" " ind2=" ">
    <subfield code="a">Business Ethics: Concepts and Cases is one of the most widely used texts on business ethics today &#x2015; and remains popular among students because of its accessible style and lucid explanations of complex theories and concepts. While cases and issues have been updated extensively for the Eighth Edition, the authors&#x2019; goals are consistent with previous editions: (1) to introduce the reader to the ethical concepts that are relevant to resolving moral issues in business; (2) to impart the reasoning and analytical skills needed to apply ethical concepts to business decisions; (3) to identify the moral issues involved in the management of specific problem areas in business; (4) to provide an understanding of the social, technological, and natural environments within which moral issues in business arise; and (5) to supply case studies of actual moral dilemmas faced by businesses and business people.</subfield>
  </datafield>
  <datafield tag="942" ind1=" " ind2=" ">
    <subfield code="2">lcc</subfield>
    <subfield code="c">BK</subfield>
  </datafield>
  <datafield tag="952" ind1=" " ind2=" ">
    <subfield code="0">0</subfield>
    <subfield code="1">0</subfield>
    <subfield code="2">lcc</subfield>
    <subfield code="4">0</subfield>
    <subfield code="7">0</subfield>
    <subfield code="a">MIUCL</subfield>
    <subfield code="b">MIUCL</subfield>
    <subfield code="c">GEN</subfield>
    <subfield code="d">2022-08-18</subfield>
    <subfield code="e">Global Book Frontier Sdn Bhd</subfield>
    <subfield code="g">109.25</subfield>
    <subfield code="l">1</subfield>
    <subfield code="o">HF5387 .V44 2018</subfield>
    <subfield code="p">0003261</subfield>
    <subfield code="r">2022-10-05 00:00:00</subfield>
    <subfield code="s">2022-09-27</subfield>
    <subfield code="v">109.25</subfield>
    <subfield code="w">2022-08-18</subfield>
    <subfield code="y">BK</subfield>
  </datafield>
</record>
